Network theory : a simplified approach (Record no. 199237)

MARC details
000 -LEADER
fixed length control field 00466nam a2200181Ia 4500
003 - CONTROL NUMBER IDENTIFIER
control field OSt
005 - DATE AND TIME OF LATEST TRANSACTION
control field 20250108161512.0
008 - FIXED-LENGTH DATA ELEMENTS--GENERAL INFORMATION
fixed length control field 231217s9999 xx 000 0 und d
020 ## - INTERNATIONAL STANDARD BOOK NUMBER
International Standard Book Number 9788131731581
040 ## - CATALOGING SOURCE
Transcribing agency 0
041 ## - LANGUAGE CODE
Language code of text/sound track or separate title English
082 ## - DEWEY DECIMAL CLASSIFICATION NUMBER
Classification number 621.3815324 CHA;18
100 ## - MAIN ENTRY--PERSONAL NAME
Personal name Channa Venkatesh, K. Ganesh Rao, D.
245 #0 - TITLE STATEMENT
Title Network theory : a simplified approach
260 ## - PUBLICATION, DISTRIBUTION, ETC.
Date of publication, distribution, etc. 2007
Name of publisher, distributor, etc. Sanguine Technical
Place of publication, distribution, etc. Bangalore
300 ## - PHYSICAL DESCRIPTION
Extent 591
942 ## - ADDED ENTRY ELEMENTS (KOHA)
Koha item type Books
Source of classification or shelving scheme Dewey Decimal Classification
Holdings
Date last seen Total checkouts Full call number Accession number Price effective from Category Lost status Damaged status Department Withdrawn status Home library Current library Shelving location Entry date Grants Currency symbol Conversion rate Discount
26/01/2024   621.3815324 CHA;18 92951 26/01/2024 Books     Central Library   Central Library Central Library Central Library 22/11/2019 DONATED RS 1  
26/01/2024   621.3815324 CHA;19 93559 26/01/2024 Books     Central Library   Central Library Central Library Central Library 29/07/2022 DONATED RS 1  
26/01/2024   621.3815324 CHA;20 93560 26/01/2024 Books     Central Library   Central Library Central Library Central Library 29/07/2022 DONATED RS 1  

© For any Suggestions or Query, please contact the library staff @ librarian@pes.edu or Phone: +9180 2672 1983/ 2108.